DecideX : instrumento para tomar decisiones estratégicas /
Shranjeno v:
| Glavni avtor: | |
|---|---|
| Drugi avtorji: | |
| Format: | Knjiga |
| Jezik: | španščina |
| Izdano: |
Buffalo, EUA
HRD,
2001, c2001
|
| Teme: | |
| Oznake: |
Brez oznak, prvi označite!
|
MARC
| LEADER | 00000nam^a2200000^a^4500 | ||
|---|---|---|---|
| 001 | 000180687 | ||
| 005 | 20250521000000.0 | ||
| 009 | 20260310101905.94 | ||
| 020 | |a 0-87425-521-X | ||
| 037 | |a Acervo ITESO - Biblioteca | ||
| 041 | |a ESP | ||
| 082 | |a 658. 403 |b SAL | ||
| 100 | |a Salton, Gary J. |e (autor) | ||
| 245 | 1 | 0 | |a DecideX : |b instrumento para tomar decisiones estratégicas / |c G.J. Salton, A. Arbor ; tr. por Isabel Chacón, Laura C. Pérez de León. |
| 264 | 4 | |a Buffalo, EUA |b HRD, |c 2001, c2001 | |
| 300 | |a III, 31 p. + |e 1 lámina | ||
| 336 | |a texto |b txt |2 rdacontenido | ||
| 337 | |a sin mediación |b n |2 rdamedio | ||
| 338 | |a volumen |b nc |2 rdasoporte | ||
| 500 | |a Traducción de: Strategic Decision-Making Instrument | ||
| 649 | |a XX | ||
| 650 | |a Toma de Decisiones - |x Tema Principal | ||
| 650 | |a Planeación Estratégica - |x Tema Principal | ||
| 650 | |a Proceso Administrativo | ||
| 650 | |a Ciencias Administrativas | ||
| 700 | |a Arbor, Ann |e (autor) | ||
| 910 | |a Fondo General | ||
| 920 | |a Impresos - Libros | ||
| 930 | |a Colección General | ||
| 905 | |a 101 | ||
| 901 | |a 0500120120 |b IT1 |c ACC |u 20250521 | ||
| 901 | |a 0500120903 |b IT2 |c FOL |u 20250521 | ||
| 902 | |a https://opac.biblio.iteso.mx/vufind/Record/000180687 | ||